Loading...
Fine Arts - Classical Music | 0 | 11 | 1 | 0 | 105 | 63 | 111.91 | 0 | 4 |
History - World History | 0 | 7 | 1 | 1 | 65 | 80 | 131.43 | 0 | 1 |
History - American History | 0 | 5 | 1 | 0 | 45 | 84 | 111.40 | 1 | 2 |
History - Other History | 0 | 4 | 0 | 0 | 40 | 110 | 136.25 | 0 | 0 |
Religion | 0 | 5 | 2 | 0 | 40 | 103 | 126.60 | 0 | 0 |
Literature - World Literature | 0 | 4 | 0 | 0 | 40 | 96 | 118.50 | 0 | 1 |
Geography | 0 | 3 | 0 | 1 | 30 | 92 | 113.33 | 0 | 0 |
Philosophy | 0 | 3 | 0 | 0 | 30 | 107 | 113.67 | 0 | 0 |
History - European History | 0 | 3 | 1 | 0 | 25 | 110 | 120.00 | 0 | 0 |
Literature - British Literature | 0 | 2 | 0 | 1 | 20 | 122 | 139.00 | 0 | 0 |
Mythology | 0 | 2 | 0 | 1 | 20 | 91 | 130.00 | 0 | 1 |
Social Science | 0 | 2 | 1 | 0 | 15 | 98 | 99.00 | 1 | 2 |
Science - Other Science | 0 | 2 | 1 | 1 | 15 | 135 | 138.00 | 0 | 0 |
Fine Arts - Other Fine Arts | 0 | 1 | 0 | 0 | 10 | 76 | 76.00 | 0 | 1 |
Literature - American Literature | 0 | 1 | 0 | 0 | 10 | 79 | 79.00 | 0 | 1 |
Fine Arts - Painting & Sculpture | 0 | 1 | 0 | 0 | 10 | 129 | 129.00 | 0 | 0 |
Science - Physics | 0 | 1 | 0 | 0 | 10 | 151 | 151.00 | 0 | 0 |
Other Academic | 0 | 0 | 1 | 0 | -5 | 0.00 | 0 | 0 | |
Science - Chemistry | 0 | 0 | 1 | 0 | -5 | 0.00 | 0 | 0 |